000 01209nam a2200265 a 4500
001 BRCA_1902
005 20190320203609.0
008 060608s1991----sp-a---###---#000-0#spa-#
020 _a8440487185
041 _aspa
044 _asp
050 4 _aNK5205.R4
_b.R43 1991
245 1 0 _aReal Fábrica de Cristales
_bLa Granja, España = Manufacture Royale de Verre : La Granja, Espagne = Royal Glass Factory : La Granja, Spain.
260 _aEspaña
_bFundación Centro Nacional del Vidrio, Real Fábrica de Cristales de La Granja
_c1991
300 _a139 p.
_bil. (algunas a color)
_c30 cm.
500 _aTítulo de cubierta: Royal Glass Factory : La Granja, Spain
500 _aCatálogo de la exposición realizada en la Galerie Robert Heitz del Palais Rohan (Estrasburgo), 11 febrero - 10 marzo, 1991
546 _aTexto en : español, francés e inglés
610 2 4 _aFundación Centro Nacional del Vidrio
_zEspaña
_95870
610 2 4 _aReal Fábrica de Cristales de la Granja
_xHistoria
_zEspaña
_95871
650 1 4 _aVidrio ornamental
_vExposiciones
_zEspaña
_95872
740 0 _aManufacture Royale de Verre : La Granja, Espagne
740 0 _aRoyal Glass Factory : La Granja, Spain
942 _2lcc
_cB
999 _c1675
_d1675